Gaming Quiz

Random Gaming or Clickable Quiz
Score 0/12 Timer 04:00
0 Plays Today
% Correct
Color Bomb
92.3%
+5 Moves
88.8%
Lollipop Hammer
88%
Jelly Fish
84.1%
Coconut Wheel
81.5%
Extra Time
81.1%
Striped and Wrapped
80%
Free Switch
72.7%
Bomb Cooler
60.9%
Lucky Candy
60.3%
Bubblegum Troll
54.2%
Sweet Tooth
45.6%
Remove Ads.
Support Sporcle.
Get the best of Sporcle when you Go Orange. This ad-free experience offers more features, more stats, and more fun while also helping to support Sporcle. Thank you for becoming a member.

You're not logged in!

Compare scores with friends on all Sporcle quizzes.
OR
Log In

Show Comments

Extras

Top Quizzes Today


Score Distribution

Your Account Isn't Verified!

In order to create a playlist on Sporcle, you need to verify the email address you used during registration. Go to your Sporcle Settings to finish the process.

Report this User

Report this user for behavior that violates our Community Guidelines.

Details: